Satellite Images of Cities in the Kingdom of Denmark - Statistics

General Stats
  • This quiz has been taken 5 times
  • The average score is 6 of 14
Answer Stats
Picture Answer % Correct
Aalborg
100%
Copenhagen
100%
Aarhus
75%
Helsingør
75%
Nuuk
75%
Odense
75%
Skagen
50%
Esbjerg
25%
Rødby
25%
Vejle
25%
Klaksvik
0%
Nyborg
0%
Qaanaaq
0%
Thorshavn
0%
No matching quizzes found
Score Distribution
Percent of People with Each Score
Percentile by Number Answered
Your Score History
You have not taken this quiz